000 00593nam a2200193 a 4500
001 637471
005 20250325100138.0
008 940511s1994 wiua b 001 0 eng d
020 _a0697132080
020 _a9780697132086
050 0 4 _aLB3051
_b.M46248 1994
082 0 0 _a371.2/6
_220
100 1 _aMcDaniel, Ernest.
245 1 0 _aUnderstanding educational measurement /
_cErnest McDaniel.
260 _aMadison, Wis. :
_bWCB Brown & Benchmark,
_cc1994.
300 _axv, 365 p. :
_bill. ;
_c24 cm.
650 0 _aEducational tests and measurements
_xStudy and teaching.
942 _2lcc
_cBK
_n0
999 _c5162
_d5162